000
00323nam a22001217a 4500
999
_c
8426
_d
8427
008
200120b ||||| |||| 00| 0 eng d
082
_a
FIC 823.912 CHR
100
_a
Christie, Agatha
245
_a
Murder on the Orient Express
260
_a
New York ;
_b
Pocket books,
_c
1934.
300
_a
viii, 198 p.
_c
18 cm.
942
_2
ddc